Malbork - the Palace of the Grandmasters and the Great Refectory
| Titel: | Malbork - the Palace of the Grandmasters and the Great Refectory / [Christofer Herrmann ; Artur Dobry] |
|---|---|
| Beteiligt: | ; |
| Veröffentlicht: | Olsztyn : Artes, 2007 |
| Umfang: | 47 Seiten : Illustrationen, Diagramme, Karten ; 21 cm, 200 gr. |
| Format: | Buch |
| Sprache: | Englisch |
| Schriftenreihe/ mehrbändiges Werk: |
Masterpieces of architecture in Poland |
| RVK-Notation: | |
| ISBN: | 9783865682826 ; 9788361049043 |
| Hinweise zum Inhalt: |
Inhaltsverzeichnis
Inhaltstext |
alg: 22672265 001A $06000:09-09-10 001B $01999:02-08-24 $t18:13:37.000 001D $06000:24-11-11 001U $0utf8 001X $00 002@ $0Aaxaf 002C $aText $btxt $2rdacontent 002C $aunbewegtes Bild $bsti $2rdacontent 002D $aohne Hilfsmittel zu benutzen $bn $2rdamedia 002E $aBand $bnc $2rdacarrier 003@ $0226722651 004A $A978-3-86568-282-6 $f(Imhof) geh. : EUR 7.95 (DE), EUR 8.20 (AT), sfr 14.70 004A $A978-83-61049-04-3 $f(Artes) geh. 004K $09783865682826 006G $0985134844 006H $0TOCIMA1147 $2DNB 006T $007,N34,0900 006U $010,A37 $f20070726 007A $0985134844 $aDNB 009P $qapplication/pdf $A2 $3Inhaltsverzeichnis $uhttp://d-nb.info/985134844/04 $mB:DE-101 009P $qtext/html $A2 $3Inhaltstext $uhttp://deposit.dnb.de/cgi-bin/dokserv?id=2989345&prov=M&dok_var=1&dok_ext=htm $mX:MVB 010@ $aeng 011@ $a2007 $n2007 021A $aMalbork - the Palace of the Grandmasters and the Great Refectory $h[Christofer Herrmann ; Artur Dobry] 028C $711571877X $8Herrmann, Christofer$Z1962- [Tp1] $9149877579 028C $7 $8Dobry, Artur [Tnd] $9191431990 033A $pOlsztyn $nArtes 034D $a47 Seiten 034I $a21 cm, 200 gr. 034M $aIllustrationen, Diagramme, Karten 036G $aMasterpieces of architecture in Poland 044K $RMalbork $74122605-7 $8Burg Marienburg$gMalbork [Tg1] $9085401579 045E $c720 045Z $8LK 49350 [Tkv] $9409949396 lok: 22672265 78 exp: 22672265 78 1 #EPN 201B/01 $017-10-19 $t15:42:52.000 201C/01 $017-10-19 201U/01 $0utf8 203@/01 $01064842607 208@/01 $a17-10-19 $be 209A/01 $a/ $f000 $x00 209A/01 $ab*p $x01 220C/01 $apgar 244Z/01 $#Generalgouvernement Polen $#Polska $#Rzeczpospolita Polska $#Polska Rzeczpospolita Ludowa $#Poland $#Pologne $#République Polonaise $#Generalne Gubernatorstwo w Polsce $#Polish People's Republic $#Polska Rzeczpospolita Polen $#PRL $#RP $#Polen Generalgouvernement $#Polska Generalgouvernement $#Besetzte Polnische Gebiete $#Besetztes Gebiet in Polen $#Okupowane Polskie Obszary $#Obszary Okupowane w Polsce $#Volksrepublik Polen $#Polska Rosyjska $#Republic Polen $#Respublika Pol'ša $#Pol'skaja Narodnaja Respublika $#République de Pologne $#Polen Links der Weichsel $#Polska po Lewej Stronie Wisły $#Lenkija $#Polija $#Gubernija Carstva Pol'skago $#Republik Polen $74046496-9 $8--Tg1--Polen $x01 $9085129801 244Z/01 $#Preußen $#Preußen $#Brandenburg-Preußen $#Königreich Preußen $#Preußische Staaten $#Preußischer Staat $#Der @Preußische Staat $#Königlich Preußische Staaten $#Prusy Królewskie $#Königlich Preußen $#Prussia $74047194-9 $8--Tg1--Preußen $x02 $9085131652 247C/01 $82080>Marburg/Lahn, Herder-Institut, Forschungsbibliothek, Bibliographieportal $9336309341
| LEADER | 00000cam a22000002c 4500 | ||
|---|---|---|---|
| 001 | 226722651 | ||
| 003 | DE-603 | ||
| 005 | 20240802181337.0 | ||
| 007 | tu | ||
| 008 | 100909s2007 xx |||| | u00||u|eng | ||
| 015 | |a 10,A37 |z 07,N34,0900 |2 dnb | ||
| 016 | 7 | |2 DE-101 |a 985134844 | |
| 020 | |a 9783865682826 |c (Imhof) geh. : EUR 7.95 (DE), EUR 8.20 (AT), sfr 14.70 | ||
| 020 | |a 9788361049043 |c (Artes) geh. | ||
| 024 | 3 | |a 9783865682826 | |
| 035 | |a (DE-599)DNB985134844 | ||
| 040 | |a DE-603 |b ger |c DE-603 |d DE-603 | ||
| 041 | |a eng | ||
| 084 | |a 720 |q DE-101 |2 sdnb | ||
| 084 | |a LK 49350 |0 (DE-625)97926: |0 (DE-603)409949396 |2 rvk | ||
| 245 | 0 | 0 | |a Malbork - the Palace of the Grandmasters and the Great Refectory |c [Christofer Herrmann ; Artur Dobry] |
| 264 | 1 | |a Olsztyn |b Artes |c 2007 | |
| 300 | |a 47 Seiten |b Illustrationen, Diagramme, Karten |c 21 cm, 200 gr. | ||
| 336 | |a Text |b txt |2 rdacontent | ||
| 336 | |a unbewegtes Bild |b sti |2 rdacontent | ||
| 337 | |a ohne Hilfsmittel zu benutzen |b n |2 rdamedia | ||
| 338 | |a Band |b nc |2 rdacarrier | ||
| 490 | 0 | |a Masterpieces of architecture in Poland | |
| 651 | 7 | |a Burg Marienburg |g Malbork |0 (DE-588)4122605-7 |0 (DE-603)085401579 |2 gnd | |
| 700 | 1 | |a Herrmann, Christofer |d 1962- |0 (DE-603)149877579 |0 (DE-588)11571877X |2 gnd | |
| 700 | 1 | |a Dobry, Artur |0 (DE-603)191431990 | |
| 856 | 4 | 2 | |m B:DE-101 |q application/pdf |u http://d-nb.info/985134844/04 |3 Inhaltsverzeichnis |
| 856 | 4 | 2 | |m X:MVB |q text/html |u http://deposit.dnb.de/cgi-bin/dokserv?id=2989345&prov=M&dok_var=1&dok_ext=htm |3 Inhaltstext |
| 924 | 0 | |9 2080 |a (DE-603)1064842607 |b DE-2080 |c HES |d d |g / | |


